THE WAR WITHIN A SECRET WHITE HOUSE HISTORY 2006-2008 / (Record no. 616565)

000 -LEADER
fixed length control field 00371nam a22001337a 4500
020 ## - INTERNATIONAL STANDARD BOOK NUMBER
Qualifying information HB.
040 ## - CATALOGING SOURCE
Transcribing agency FIZZA ISHAQ
082 ## - DEWEY DECIMAL CLASSIFICATION NUMBER
Classification number 973.931
Author Mark BOb
100 ## - MAIN ENTRY--PERSONAL NAME
Personal name WOODWARD,BOb.
9 (RLIN) 37767
245 ## - TITLE STATEMENT
Title THE WAR WITHIN A SECRET WHITE HOUSE HISTORY 2006-2008 /
Statement of responsibility, etc. BOb WOODWARD.
260 ## - PUBLICATION, DISTRIBUTION, ETC.
Place of publication, distribution, etc. NEW YORK ;
Name of publisher, distributor, etc. SIMON & SCHUSTER,
Date of publication, distribution, etc. 2008.
300 ## - PHYSICAL DESCRIPTION
Extent 487 P. ;
Dimensions 9.9X6.2IN
942 ## - ADDED ENTRY ELEMENTS (KOHA)
Source of classification or shelving scheme
Koha item type Book
Holdings
Withdrawn status Lost status Source of classification or shelving scheme Damaged status Not for loan Permanent Location Current Location Shelving location Date acquired Total Checkouts Full call number Barcode Date last seen Price effective from Koha item type
          NUST Baluchistan Campus (NBC) NUST Baluchistan Campus (NBC) General Stacks 03/09/2026   973.931 BOb QD-923 03/09/2026 03/09/2026 Book
© 2023 Central Library, National University of Sciences and Technology. All Rights Reserved.